| 000 | 00512nam a22001937a 4500 | ||
|---|---|---|---|
| 003 | MPLRDC | ||
| 005 | 20220104124559.0 | ||
| 008 | 210129b ||||| |||| 00| 0 eng d | ||
| 020 | _a978-986-248-031-1 | ||
| 082 | _a328.8 YG | ||
| 100 | _a原刚 审订 | ||
| 245 |
_a图解世界环境变迁地图 _c增心怡 译 |
||
| 250 | _a初版 | ||
| 260 |
_a台湾 _b日月文化出版股份有限公司 _c2009 |
||
| 300 | _b95 | ||
| 490 | _a绿生活: 12 | ||
| 650 | _a全球气候变迁 | ||
| 942 |
_cBK _o328.8 YG |
||
| 999 |
_c20470 _d20460 |
||